[Event "Cto Equipos Aragon 2013 Preferente II"]
[Site "Aragon"]
[Date "2013.02.02"]
[Round "2.53"]
[White "Hinojar Basa, Alfonso"]
[Black "Arinez Bruna, Octavio"]
[Result "1/2-1/2"]
[WhiteElo "2199"]
[BlackElo "2145"]
[PlyCount "93"]
[EventDate "2013.??.??"]
[EventType "tourn"]
[EventRounds "9"]
[EventCountry "ESP"]
[WhiteTeam "Marcos Frechin"]
[BlackTeam "El Olivar B"]

1. e4 c5 2. Nf3 d6 3. d4 cxd4 4. Nxd4 Nf6 5. Nc3 a6 6. Bc4 e6 7. Bb3 Be7 8. O-O
O-O 9. f4 b5 10. f5 e5 11. Nde2 Bb7 12. Ng3 Nbd7 13. Bg5 Rc8 14. Bxf6 Nxf6 15.
Nh5 Qb6+ 16. Kh1 Qd4 17. Nxf6+ Bxf6 18. Qe2 Rfd8 19. Rfd1 Qb4 20. Nd5 Bxd5 21.
Rxd5 Rc5 22. c3 Qa5 23. Qd2 Qc7 24. a4 bxa4 25. Rxa4 Qb7 26. Rb4 Qc7 27. Qe2 a5
28. Rb5 Rb8 29. Rdxc5 dxc5 30. Bd5 Rxb5 31. Qxb5 Kf8 32. g3 Bd8 33. Kg2 Qb6 34.
Qd7 Qc7 35. Qxc7 Bxc7 36. Kf3 Ke7 37. Ke2 f6 38. Kd3 Kd6 39. Kc4 Bd8 40. Kb5
Bc7 41. Ka6 Bd8 42. Kb7 Bc7 43. Kc8 Bb6 44. b3 Bc7 45. Bg8 h6 46. Bd5 Bb6 47.
Kb7 1/2-1/2

[Event "Cto Equipos Aragon 2013 Preferente II"]
[Site "Aragon"]
[Date "2013.02.02"]
[Round "2.54"]
[White "Gracia Campo, Carlos Alberto"]
[Black "Sebastian Bespin, Ruben"]
[Result "1-0"]
[WhiteElo "2043"]
[BlackElo "2158"]
[PlyCount "90"]
[EventDate "2013.??.??"]
[EventType "tourn"]
[EventRounds "9"]
[EventCountry "ESP"]
[WhiteTeam "El Olivar B"]
[BlackTeam "Marcos Frechin"]

1. e4 e6 2. d4 d5 3. exd5 exd5 4. c4 Nf6 5. Bg5 Be7 6. Nf3 Nbd7 7. Nc3 dxc4 8.
Bxc4 Nb6 9. Bb3 O-O 10. Ne5 c6 11. O-O Nfd5 12. Bxe7 Qxe7 13. Re1 Be6 14. Nxd5
Nxd5 15. Bxd5 cxd5 16. Rc1 Qb4 17. Re2 Rac8 18. Rec2 Rxc2 19. Rxc2 f6 20. Nf3
Bg4 21. Qd2 Qxd2 22. Nxd2 Rc8 23. Rxc8+ Bxc8 24. Nb1 Kf7 25. Nc3 Ke6 26. Kf1 b6
27. b4 Bd7 28. Ke2 Bc6 29. Ke3 Kf5 30. f3 h5 31. h4 g5 32. b5 Bb7 33. g3 Ba8
34. Nd1 Bb7 35. Nf2 gxh4 36. gxh4 Bc8 37. Nd3 Bd7 38. a4 Bc8 39. Nf4 Be6 40.
Nxe6 Kxe6 41. Kf4 Kd6 42. Kf5 Ke7 43. Kg6 Ke6 44. Kxh5 Kf7 45. Kh6 f5 1-0

[Event "Cto Equipos Aragon 2013 Preferente II"]
[Site "Aragon"]
[Date "2013.02.02"]
[Round "2.55"]
[White "Sancho Cortes, Miguel Angel"]
[Black "Bailo Remacha, Santiago"]
[Result "1-0"]
[WhiteElo "2083"]
[BlackElo "2030"]
[PlyCount "47"]
[EventDate "2013.??.??"]
[EventType "tourn"]
[EventRounds "9"]
[EventCountry "ESP"]
[WhiteTeam "Marcos Frechin"]
[BlackTeam "El Olivar B"]

1. e4 c5 2. Nf3 d6 3. d4 cxd4 4. Nxd4 Nf6 5. Nc3 a6 6. f3 g6 7. Be3 Bg7 8. Qd2
O-O 9. Bh6 b5 10. Bxg7 Kxg7 11. a4 b4 12. Nd5 Nxd5 13. exd5 a5 14. Bc4 e5 15.
dxe6 d5 16. Bb5 fxe6 17. O-O-O Qc7 18. Rhe1 e5 19. Qg5 Bf5 20. Bd3 h6 21. Bxf5
exd4 22. Qxg6+ Kh8 23. Qxh6+ Kg8 24. Be6+ 1-0

[Event "Cto Equipos Aragon 2013 Preferente II"]
[Site "Aragon"]
[Date "2013.02.02"]
[Round "2.56"]
[White "Labrador Postigo, Francisco Manuel"]
[Black "Ciriano Lamban, Alejandro"]
[Result "0-1"]
[WhiteElo "1917"]
[BlackElo "1793"]
[PlyCount "80"]
[EventDate "2013.??.??"]
[EventType "tourn"]
[EventRounds "9"]
[EventCountry "ESP"]
[WhiteTeam "El Olivar B"]
[BlackTeam "Marcos Frechin"]

1. d4 Nf6 2. Nf3 g6 3. c4 Bg7 4. Nc3 O-O 5. g3 d6 6. Bg2 Nc6 7. O-O e5 8. d5
Ne7 9. Nd2 Ne8 10. Rb1 f5 11. f3 g5 12. e4 f4 13. g4 h5 14. h3 Nf6 15. b4 Kf7
16. c5 Ng6 17. cxd6 cxd6 18. Nc4 a6 19. b5 Qc7 20. Qb3 hxg4 21. Ba3 Rd8 22.
fxg4 Bf8 23. Rbc1 Kg8 24. b6 Qh7 25. Nd1 Nh4 26. Nxe5 dxe5 27. Rc7 Rd7 28. d6+
Qf7 29. Qc2 Rxc7 30. bxc7 Nxg2 31. Kxg2 Ne8 32. Qd2 Qe6 33. Nc3 Bxd6 34. Bxd6
Qxd6 35. Qxd6 Nxd6 36. Rd1 Ne8 37. Rd8 Kf7 38. Nd5 Nxc7 39. Nxc7 Rb8 40. Kf3
Bxg4+ 0-1

[Event "Cto Equipos Aragon 2013 Preferente II"]
[Site "Aragon"]
[Date "2013.02.02"]
[Round "2.57"]
[White "Cebrian Valverde, Jose Antonio"]
[Black "Fernandez Rubio, Rafael"]
[Result "1-0"]
[WhiteElo "2129"]
[BlackElo "2062"]
[PlyCount "93"]
[EventDate "2013.??.??"]
[EventType "tourn"]
[EventRounds "9"]
[EventCountry "ESP"]
[WhiteTeam "San Jose"]
[BlackTeam "Tauste"]

1. d4 {[%emt 0:00:00]} Nf6 2. c4 c5 3. d5 d6 4. Nc3 g6 5. e4 Bg7 6. Be2 Na6 7.
h4 h5 8. Nf3 Nc7 9. O-O Bd7 10. a4 Rb8 11. Bf4 Ng4 12. Qd2 b6 13. Rae1 a6 14.
Ng5 f6 15. f3 Ne5 16. Nh3 b5 17. axb5 axb5 18. b3 O-O 19. Nf2 b4 20. Ncd1 Ra8
21. Bh6 Ra3 22. Bxg7 Kxg7 23. f4 Ng4 24. Bxg4 hxg4 25. Re3 Rh8 26. g3 Qa8 27.
e5 fxe5 28. fxe5 Ra2 29. Qe1 Nxd5 30. cxd5 Qxd5 31. exd6 e6 32. Rd3 Qh5 33. Qe4
Rf8 34. Nxg4 Rxf1+ 35. Kxf1 Qf5+ 36. Qxf5 gxf5 37. Ne5 Bb5 38. Nc4 Ra7 39. Kf2
Kf8 40. Nde3 Ke8 41. Kf3 e5 42. Nxf5 Bxc4 43. bxc4 Rb7 44. Ke4 b3 45. Rd1 b2
46. Rb1 Rb4 47. Kxe5 1-0

[Event "Cto Equipos Aragon 2013 Preferente II"]
[Site "Aragon"]
[Date "2013.02.02"]
[Round "2.58"]
[White "Sierra Aguerri, Joaquin"]
[Black "Gutierrez Minguenza, Ruben"]
[Result "1-0"]
[WhiteElo "1978"]
[BlackElo "2078"]
[PlyCount "45"]
[EventDate "2013.??.??"]
[EventType "tourn"]
[EventRounds "9"]
[EventCountry "ESP"]
[WhiteTeam "Tauste"]
[BlackTeam "San Jose"]

1. e4 c5 2. Nc3 Nc6 3. f4 g6 4. Nf3 Bg7 5. Bc4 d6 6. O-O Nf6 7. d3 O-O 8. Qe1
Nd4 9. Nxd4 cxd4 10. Ne2 d5 11. exd5 Nxd5 12. Ng3 e6 13. Ne4 b6 14. Bd2 Bb7 15.
Rf3 Rc8 16. Rh3 Ne3 17. Bxe3 dxe3 18. Bb3 Bxe4 19. dxe4 Qd4 20. Rxe3 Qxb2 21.
Rb1 Qxb1 22. Qxb1 Bd4 23. Qe1 1-0

[Event "Cto Equipos Aragon 2013 Preferente II"]
[Site "Aragon"]
[Date "2013.02.02"]
[Round "2.59"]
[White "Palomar Ramon, Santiago"]
[Black "Sancho Casale, Jesus"]
[Result "1/2-1/2"]
[WhiteElo "1970"]
[BlackElo "1941"]
[PlyCount "67"]
[EventDate "2013.??.??"]
[EventType "tourn"]
[EventRounds "9"]
[EventCountry "ESP"]
[WhiteTeam "San Jose"]
[BlackTeam "Tauste"]

1. d4 {[%emt 0:00:00]} d5 2. Nc3 Nf6 3. Bg5 e6 4. f4 Be7 5. e3 Ne4 6. Bxe7 Qxe7
7. Nxe4 dxe4 8. Qd2 f5 9. O-O-O Nd7 10. Nh3 c5 11. Nf2 cxd4 12. Qxd4 e5 13. Qd5
Nb6 14. Bb5+ Bd7 15. Bxd7+ Nxd7 16. Qxb7 Nb6 17. Qc6+ Kf7 18. g4 Rac8 19. Qd6
Qh4 20. Nxe4 fxe4 21. fxe5 Rhd8 22. Rdf1+ Kg8 23. Qe6+ Kh8 24. Rf5 Rf8 25. a3
h6 26. Rhf1 Rxf5 27. Qxf5 Qxh2 28. Qxe4 Qe2 29. Rh1 Nd5 30. g5 Rc4 31. Qg6 Ne7
32. Qe8+ Ng8 33. Qg6 Ne7 34. Qe8+ 1/2-1/2

[Event "Cto Equipos Aragon 2013 Preferente II"]
[Site "Aragon"]
[Date "2013.02.02"]
[Round "2.61"]
[White "Pes Mateo, Angel"]
[Black "Planas Torrea, Francisco Javier"]
[Result "1/2-1/2"]
[WhiteElo "2029"]
[BlackElo "1996"]
[PlyCount "120"]
[EventDate "2013.??.??"]
[EventType "tourn"]
[EventRounds "9"]
[EventCountry "ESP"]
[WhiteTeam "CCOO Delicias B"]
[BlackTeam "Ejea"]

1. d4 Nf6 2. Nf3 g6 3. Bf4 Bg7 4. h3 d6 5. e3 Nbd7 6. Be2 O-O 7. O-O Ne4 8.
Nbd2 Ndf6 9. c3 b6 10. a4 a6 11. Qc2 Bb7 12. Nc4 Re8 13. Ne1 Nd7 14. f3 Nef6
15. e4 e5 16. dxe5 dxe5 17. Be3 Nh5 18. Nd3 Qe7 19. Rfd1 Rad8 20. Nb4 Ndf6 21.
Rxd8 Rxd8 22. Rd1 Rxd1+ 23. Qxd1 Nf4 24. Nd3 N6h5 25. Nxf4 Nxf4 26. Bxf4 exf4
27. Qd2 Qc5+ 28. Kh2 Qg5 29. Na3 Bf8 30. Nc2 Qg3+ 31. Kh1 Bc5 32. Bc4 Bc8 33.
b4 Be7 34. Qd5 Be6 35. Qa8+ Kg7 36. Bxe6 fxe6 37. Qe8 Bf6 38. Qd7+ Kh6 39. Qd2
Bh4 40. Nd4 e5 41. Nc2 Qf2 42. Qxf2 Bxf2 43. b5 axb5 44. axb5 Bc5 45. Ne1 Kg5
46. Nd3 Kf6 47. Kh2 Ba3 48. g3 g5 49. g4 Ke6 50. h4 h6 51. hxg5 hxg5 52. Kg2
Be7 53. Kf2 Kd6 54. Ke2 Bf6 55. Kd2 c5 56. Nb2 Bd8 57. Kd3 Bc7 58. Kc4 Bd8 59.
Na4 Bc7 60. Kd3 Bd8 1/2-1/2

[Event "Cto Equipos Aragon 2013 Preferente II"]
[Site "Aragon"]
[Date "2013.02.02"]
[Round "2.63"]
[White "Garcia Valer, Jesus V"]
[Black "Marcellan Peire, Jesus"]
[Result "1-0"]
[WhiteElo "1883"]
[BlackElo "1879"]
[PlyCount "97"]
[EventDate "2013.??.??"]
[EventType "tourn"]
[EventRounds "9"]
[EventCountry "ESP"]
[WhiteTeam "CCOO Delicias B"]
[BlackTeam "Ejea"]

1. d4 Nf6 2. c4 g6 3. Nc3 Bg7 4. e4 d6 5. Bg5 O-O 6. f3 Nc6 7. Nge2 e5 8. d5
Nd4 9. Nxd4 exd4 10. Qxd4 h6 11. Bxf6 Bxf6 12. Qd2 Re8 13. Bd3 Bd7 14. O-O Re5
15. f4 Rh5 16. Be2 Rh4 17. g3 Rh3 18. f5 Bg5 19. Qd3 Qe7 20. Bg4 Rh5 21. Bxh5
gxh5 22. Qf3 h4 23. Rad1 a6 24. gxh4 Bxh4 25. Kh1 Kh7 26. Rg1 Bg5 27. Rg2 Re8
28. Rdg1 Bf6 29. Rg4 Qe5 30. Qg2 b5 31. cxb5 axb5 32. a3 c5 33. Rg8 b4 34. Rxe8
Qxe8 35. axb4 cxb4 36. Nd1 Bb5 37. Qc2 b3 38. Qb1 Qc8 39. Nc3 Bxc3 40. bxc3
Qxc3 41. Rg3 Qd2 42. Rxb3 Be2 43. Rg3 Bd1 44. Qd3 Qe1+ 45. Rg1 Qh4 46. Rxd1 Qf4
47. Rf1 Qe5 48. Qf3 Qf6 49. Qf4 1-0

[Event "Cto Equipos Aragon 2013 Preferente II"]
[Site "Aragon"]
[Date "2013.02.02"]
[Round "2.64"]
[White "Merin Flores, Miguel Angel"]
[Black "Fleta Marin, Sergio"]
[Result "1-0"]
[WhiteElo "1716"]
[BlackElo "1617"]
[PlyCount "113"]
[EventDate "2013.??.??"]
[EventType "tourn"]
[EventRounds "9"]
[EventCountry "ESP"]
[WhiteTeam "Ejea"]
[BlackTeam "CCOO Delicias B"]

1. d4 d5 2. c4 c6 3. Nc3 Nf6 4. Bg5 Nbd7 5. e3 e6 6. Nf3 Qa5 7. Bxf6 Nxf6 8.
Bd3 Bb4 9. Qc2 dxc4 10. Bxc4 Nd5 11. Rc1 Nxc3 12. bxc3 Ba3 13. Rb1 Bd6 14. O-O
b6 15. Rfe1 Qh5 16. Be2 O-O 17. e4 Bb7 18. Qd2 Qa5 19. Bd3 e5 20. Qc2 h6 21.
Nd2 b5 22. Nf3 Rfe8 23. Nh4 g6 24. Qd2 Kg7 25. Qc2 a6 26. Re3 Qb6 27. Rg3 Qd8
28. Nf5+ Kh7 29. Nxd6 Qxd6 30. Qb3 Re7 31. Qb2 Rd8 32. dxe5 Qxe5 33. Qc2 c5 34.
f3 Red7 35. Bf1 Qf4 36. Qf2 Rd2 37. Qxc5 Rxa2 38. Rg4 Qd6 39. Qa7 Rd7 40. Qe3
Qd2 41. Qc5 Kg7 42. Qe5+ Kh7 43. h4 Qd6 44. Qe8 Re7 45. Qf8 Qd7 46. h5 g5 47.
e5 Re8 48. Bd3+ Qxd3 49. Qxf7+ Kh8 50. Qxe8+ Kh7 51. Qf7+ Kh8 52. Qxa2 Qe3+ 53.
Qf2 Qxe5 54. Qd4 Qxd4+ 55. Rxd4 Bc6 56. Rd6 Bb7 57. Rd8+ 1-0

[Event "Cto Equipos Aragon 2013 Preferente II"]
[Site "Aragon"]
[Date "2013.02.02"]
[Round "2.65"]
[White "Cantin Zaborras, Valentin"]
[Black "Sanchez Castro, Roberto"]
[Result "1/2-1/2"]
[WhiteElo "2123"]
[BlackElo "2014"]
[PlyCount "92"]
[EventDate "2013.??.??"]
[EventType "tourn"]
[EventRounds "9"]
[EventCountry "ESP"]
[WhiteTeam "Ramiro B"]
[BlackTeam "Ibercaja C"]

1. e4 c5 2. Nf3 Nc6 3. Bb5 e6 4. O-O Nge7 5. c3 a6 6. Ba4 b5 7. Bc2 d5 8. exd5
Nxd5 9. d4 Bb7 10. Re1 cxd4 11. Nxd4 Nxd4 12. Qxd4 Nf6 13. Be3 Qxd4 14. Bxd4
Bd6 15. Nd2 Rc8 16. a4 b4 17. Bd3 Rd8 18. Nc4 Bc7 19. Rad1 bxc3 20. Bxc3 Rd5
21. h3 Rg5 22. Bf1 O-O 23. Nd6 Bd5 24. Bxf6 gxf6 25. Ne4 Bxe4 26. Rxe4 a5 27.
b4 axb4 28. Rxb4 Ra5 29. Bb5 Rd8 30. Rxd8+ Bxd8 31. Rd4 Bb6 32. Rd6 Bc5 33. Rc6
Bd4 34. Kf1 Kf8 35. Ke2 Ra7 36. f3 f5 37. g4 fxg4 38. hxg4 Ke7 39. Rc1 Kf6 40.
Rh1 Kg7 41. Kd3 Bb6 42. Kc4 Be3 43. Bc6 Ra5 44. Bb5 Ra7 45. Re1 Bf2 46. Re2 Bb6
1/2-1/2

[Event "Cto Equipos Aragon 2013 Preferente II"]
[Site "Aragon"]
[Date "2013.02.02"]
[Round "2.66"]
[White "Carrasquer Munoz, Alberto"]
[Black "Valiente Roy, Jose Javier"]
[Result "0-1"]
[WhiteElo "1844"]
[BlackElo "2031"]
[PlyCount "86"]
[EventDate "2013.??.??"]
[EventType "tourn"]
[EventRounds "9"]
[EventCountry "ESP"]
[WhiteTeam "Ibercaja C"]
[BlackTeam "Ramiro B"]

1. e4 c6 2. d4 d5 3. e5 Bf5 4. g4 Be4 5. f3 Bg6 6. Nc3 e6 7. h4 h5 8. g5 c5 9.
Be3 Nc6 10. Nge2 Nge7 11. Bh3 cxd4 12. Bxd4 Nxd4 13. Nxd4 Nc6 14. Nxc6 bxc6 15.
Ne2 Qb6 16. Qd4 Bc5 17. Qa4 Bf2+ 18. Kf1 O-O 19. Rh2 Qxb2 20. Rxf2 Qxa1+ 21.
Kg2 Qxe5 22. Nf4 Bf5 23. Bxf5 Qxf5 24. Nxh5 c5 25. Ng3 Qe5 26. Qg4 Rab8 27. h5
Rb4 28. f4 Qa1 29. Qh3 Rb1 30. Ne2 Re1 31. f5 Qe5 32. Ng3 Re3 33. Qg4 Rxg3+ 34.
Qxg3 Qxg3+ 35. Kxg3 e5 36. f6 e4 37. Re2 gxf6 38. gxf6 Re8 39. Kf4 Re6 40. Kf5
e3 41. Rg2+ Kh8 42. Re2 d4 43. Kf4 Rxf6+ 0-1

[Event "Cto Equipos Aragon 2013 Preferente II"]
[Site "Aragon"]
[Date "2013.02.02"]
[Round "2.67"]
[White "Munoz Suarez, Luis Alberto"]
[Black "Orriach Gonzalez, Juan Manuel"]
[Result "0-1"]
[WhiteElo "1996"]
[BlackElo "1782"]
[PlyCount "114"]
[EventDate "2013.??.??"]
[EventType "tourn"]
[EventRounds "9"]
[EventCountry "ESP"]
[WhiteTeam "Ramiro B"]
[BlackTeam "Ibercaja C"]

1. e4 e6 2. d4 d5 3. e5 c5 4. c3 Nc6 5. Nf3 Qb6 6. Bd3 Bd7 7. dxc5 Bxc5 8. O-O
a5 9. Nbd2 a4 10. Qe2 Nge7 11. Re1 Ng6 12. Nf1 O-O 13. Bxg6 hxg6 14. Be3 Ne7
15. Nd4 Rfc8 16. Rad1 Ra5 17. Ng3 Bb5 18. Qc2 Raa8 19. Nge2 Ba6 20. Qb1 Qc7 21.
f4 Qb6 22. Kh1 Bxe2 23. Rxe2 Nc6 24. Nxc6 bxc6 25. Bxc5 Qxc5 26. Rd4 Qb5 27.
Rf2 c5 28. Rd1 Rcb8 29. g4 c4 30. Qc1 Qc5 31. Rdf1 a3 32. f5 axb2 33. Rxb2 Rxb2
34. Qxb2 Qa3 35. Qb6 gxf5 36. gxf5 exf5 37. Qb7 Qxa2 38. Qxd5 Re8 39. Kg1 Qe2
40. Qd7 Rxe5 41. Qd8+ Re8 42. Qg5 Qe3+ 43. Qxe3 Rxe3 44. Rxf5 Rxc3 45. Rc5 g6
46. Kg2 Kg7 47. Rc6 f5 48. h4 Kh6 49. Kf2 Kh5 50. Ke2 Rg3 51. Rxc4 Rg4 52. Rc8
Kxh4 53. Kf2 Ra4 54. Rc6 g5 55. Kf3 Ra3+ 56. Kf2 Kg4 57. Rc4+ f4 0-1

[Event "Cto Equipos Aragon 2013 Preferente II"]
[Site "Aragon"]
[Date "2013.02.02"]
[Round "2.68"]
[White "Hernandez Montoro, Irene"]
[Black "Salas Calvo, Alberto"]
[Result "0-1"]
[WhiteElo "1579"]
[BlackElo "1711"]
[PlyCount "106"]
[EventDate "2013.??.??"]
[EventType "tourn"]
[EventRounds "9"]
[EventCountry "ESP"]
[WhiteTeam "Ibercaja C"]
[BlackTeam "Ramiro B"]

1. d4 d6 2. Nf3 g6 3. c4 f5 4. Nc3 Nf6 5. Bg5 Nbd7 6. e3 Bg7 7. Bd3 h6 8. Bh4
O-O 9. Qc2 Qe8 10. Nb5 Qd8 11. Bxf6 Nxf6 12. Nh4 Kh7 13. Rg1 c6 14. Nc3 e5 15.
dxe5 dxe5 16. O-O-O Nd7 17. g3 e4 18. Be2 Qa5 19. Rd6 Ne5 20. Qa4 Qc5 21. Rd2
Be6 22. b4 Qe7 23. Rgd1 Nd3+ 24. Bxd3 Bxc3 25. Rc2 Bxb4 26. Be2 Ba3+ 27. Kb1 b5
28. cxb5 cxb5 29. Qa5 Bd6 30. Rc6 Be5 31. f4 exf3 32. Bxf3 Bg7 33. Rc7 Qf6 34.
Rxg7+ Kxg7 35. Bxa8 Rxa8 36. Qc7+ Kg8 37. Rd6 g5 38. Nf3 f4 39. exf4 Bf5+ 40.
Kc1 Qa1+ 41. Kd2 Qxa2+ 42. Ke3 Qb3+ 43. Ke2 Re8+ 44. Ne5 Bg4+ 45. Kd2 Qd1+ 46.
Ke3 Qe1+ 47. Kd3 Qd1+ 48. Ke4 Qe2+ 49. Kd4 Qf2+ 50. Kd5 Bf3+ 51. Nxf3 Qxf3+ 52.
Kd4 Re4+ 53. Kd5 Re7+ 0-1

[Event "Cto Equipos Aragon 2013 Preferente II"]
[Site "Aragon"]
[Date "2013.02.02"]
[Round "2.69"]
[White "Dominguez Bujeda, Jesus"]
[Black "Lopez Guaita, Fernando"]
[Result "1-0"]
[WhiteElo "2146"]
[BlackElo "2027"]
[PlyCount "115"]
[EventDate "2013.??.??"]
[EventType "tourn"]
[EventRounds "9"]
[EventCountry "ESP"]
[WhiteTeam "Teruel"]
[BlackTeam "ONCE C.A. Aragon B"]

1. d4 Nf6 2. c4 g6 3. Nc3 Bg7 4. e4 d6 5. f4 O-O 6. Nf3 c5 7. d5 a6 8. Bd3 b5
9. cxb5 axb5 10. Nxb5 Ba6 11. Nc3 Qb6 12. Qe2 Bxd3 13. Qxd3 Nbd7 14. Qe2 Qb4
15. O-O Rfb8 16. e5 dxe5 17. fxe5 Ng4 18. e6 Nde5 19. exf7+ Nxf7 20. h3 Nge5
21. Nxe5 Nxe5 22. Rb1 Rf8 23. Bg5 c4 24. Rxf8+ Rxf8 25. Rf1 Rxf1+ 26. Kxf1 Qd6
27. Qe4 h6 28. Bf4 g5 29. Bxe5 Bxe5 30. Qxc4 Qf6+ 31. Ke2 Kg7 32. Qb4 Qa6+ 33.
Qb5 Qg6 34. Qd3 Qb6 35. Qb5 Qg6 36. Kd1 Qf6 37. Qc4 Qf2 38. Qe2 Qd4+ 39. Kc2
Bf6 40. Qe4 Qb6 41. Qf5 Qg1 42. Qg4 Qc5 43. h4 Kf7 44. h5 Bg7 45. Qe6+ Kf8 46.
Qf5+ Kg8 47. a4 Qb4 48. Qe4 Bxc3 49. Qe6+ Kf8 50. bxc3 Qxa4+ 51. Kd3 Qd1+ 52.
Kc4 Qxh5 53. g4 Qh3 54. Kb4 Qh1 55. c4 Qb1+ 56. Kc5 Ke8 57. Kc6 Qb4 58. Qg8#
1-0

[Event "Cto Equipos Aragon 2013 Preferente II"]
[Site "Aragon"]
[Date "2013.02.02"]
[Round "2.70"]
[White "Landa Garriga, Francisco Javier"]
[Black "Martin Catalan, Juan Vicente"]
[Result "0-1"]
[WhiteElo "1900"]
[BlackElo "2096"]
[PlyCount "60"]
[EventDate "2013.??.??"]
[EventType "tourn"]
[EventRounds "9"]
[EventCountry "ESP"]
[WhiteTeam "ONCE C.A. Aragon B"]
[BlackTeam "Teruel"]

1. e4 c5 2. Nf3 g6 3. d4 cxd4 4. Nxd4 Bg7 5. Be3 Nf6 6. Nc3 Nc6 7. Bc4 O-O 8.
Bb3 Na5 9. f3 d6 10. Qd2 Nxb3 11. axb3 Bd7 12. Nde2 a6 13. O-O Rc8 14. Na4 Bxa4
15. Rxa4 d5 16. e5 Nd7 17. e6 fxe6 18. Nf4 Rf6 19. Re1 Qc7 20. c3 Nc5 21. Ra3
Qd6 22. Kh1 Kf7 23. Nd3 Nxd3 24. Qxd3 e5 25. Ra5 e6 26. h4 Kg8 27. Ra4 e4 28.
fxe4 Qg3 29. exd5 Qxe1+ 30. Kh2 Rf1 0-1

[Event "Cto Equipos Aragon 2013 Preferente II"]
[Site "Aragon"]
[Date "2013.02.02"]
[Round "2.71"]
[White "Barcena Laguia, Francisco"]
[Black "Gayan Carceller, Miguel Angel"]
[Result "1-0"]
[WhiteElo "1905"]
[BlackElo "1875"]
[PlyCount "63"]
[EventDate "2013.??.??"]
[EventType "tourn"]
[EventRounds "9"]
[EventCountry "ESP"]
[WhiteTeam "Teruel"]
[BlackTeam "ONCE C.A. Aragon B"]

1. d4 Nf6 2. Nf3 g6 3. Bf4 Bg7 4. e3 O-O 5. Nbd2 d6 6. h3 Nbd7 7. c4 Nh5 8. Bh2
e5 9. Be2 f5 10. g4 fxg4 11. hxg4 Nhf6 12. dxe5 Nxg4 13. exd6 Nxh2 14. Rxh2
Bxb2 15. Ne4 Nf6 16. Nxf6+ Qxf6 17. Rb1 Bc3+ 18. Kf1 Qxd6 19. Qb3 Qf6 20. Ng5
h5 21. c5+ Kg7 22. Ne4 Qf5 23. Qxc3+ Kh7 24. Ng3 Qxb1+ 25. Kg2 Bf5 26. Qe5 Rf7
27. e4 Bd7 28. Nxh5 Kg8 29. Nf6+ Rxf6 30. Qxf6 Qxe4+ 31. Bf3 Qf5 32. Rh8# 1-0

[Event "Cto Equipos Aragon 2013 Preferente II"]
[Site "Aragon"]
[Date "2013.02.02"]
[Round "2.72"]
[White "Carilla Garcia, Angel"]
[Black "Abancens Fernandez, Bernardo"]
[Result "0-1"]
[WhiteElo "1874"]
[BlackElo "1580"]
[PlyCount "82"]
[EventDate "2013.??.??"]
[EventType "tourn"]
[EventRounds "9"]
[EventCountry "ESP"]
[WhiteTeam "ONCE C.A. Aragon B"]
[BlackTeam "Teruel"]

1. d4 Nf6 2. c4 c5 3. Nf3 cxd4 4. Nxd4 Nc6 5. Nc3 g6 6. e4 d6 7. Be2 Bg7 8. Be3
O-O 9. Qd2 Bd7 10. h3 Nxd4 11. Bxd4 Bc6 12. Bd3 a5 13. O-O Nd7 14. Bxg7 Kxg7
15. Qe3 Nc5 16. Bc2 f6 17. Rad1 Qb6 18. b3 Qb4 19. Nd5 Bxd5 20. exd5 Rae8 21.
Qd2 Qa3 22. Rfe1 Qxa2 23. Ra1 Nxb3 24. Rxa2 Nxd2 25. Ba4 Nxc4 26. Bxe8 Rxe8 27.
Re4 b5 28. Kf1 Kf7 29. Ke1 Rc8 30. Ke2 Rc5 31. Rd4 a4 32. Kd1 Na5 33. Rc2 Nb3
34. Rd3 Ke8 35. Rcc3 Nd4 36. Rxc5 dxc5 37. g4 Kd7 38. f4 b4 39. g5 f5 40. h4 b3
41. Kd2 b2 0-1

[Event "Cto Equipos Aragon 2013 Div. Honor I"]
[Site "Aragon"]
[Date "2013.02.09"]
[Round "3.1"]
[White "Salamero Pelay, Fernando"]
[Black "Gil Capape, Marco Antonio"]
[Result "1-0"]
[WhiteElo "2140"]
[BlackElo "2084"]
[PlyCount "95"]
[EventDate "2013.??.??"]
[EventType "tourn"]
[EventRounds "7"]
[EventCountry "ESP"]
[WhiteTeam "Club Atletismo Huesca"]
[BlackTeam "Caissa - Hnos. Cortes"]

1. e4 e6 2. d4 d5 3. Nd2 Nf6 4. e5 Nfd7 5. Bd3 c5 6. c3 Nc6 7. Ngf3 f6 8. exf6
Nxf6 9. O-O cxd4 10. cxd4 Bd6 11. b3 O-O 12. Bb2 Bd7 13. Rc1 Nb4 14. Bb1 Bb5
15. Re1 Bd3 16. a3 Bxb1 17. Nxb1 Nc6 18. Rxe6 Bf4 19. Nbd2 Ne4 20. Nxe4 Bxc1
21. Qxc1 dxe4 22. Rxe4 Qd5 23. Qe3 h6 24. h4 Rad8 25. Ne5 Nxe5 26. Rxe5 Qf7 27.
d5 Rxd5 28. Re7 Rd1+ 29. Kh2 Qf4+ 30. Qxf4 Rxf4 31. Rxg7+ Kf8 32. Rxb7 Rf7 33.
Rb8+ Ke7 34. f3 Rd2 35. Bc1 Rd6 36. Be3 Rc6 37. Bxa7 Ke6 38. Be3 h5 39. a4 Rg7
40. Rb6 Rxb6 41. Bxb6 Rb7 42. a5 Kd5 43. b4 Kc4 44. Bc5 Rg7 45. a6 Kd5 46. a7
Rg8 47. g4 Kc6 48. Kg3 1-0

[Event "Cto Equipos Aragon 2013 Div. Honor I"]
[Site "Aragon"]
[Date "2013.02.09"]
[Round "3.2"]
[White "Vasilev, Vas"]
[Black "Luis Vitalla, Fernando Maria"]
[Result "0-1"]
[WhiteElo "1942"]
[BlackElo "2152"]
[PlyCount "76"]
[EventDate "2013.??.??"]
[EventType "tourn"]
[EventRounds "7"]
[EventCountry "ESP"]
[WhiteTeam "Caissa - Hnos. Cortes"]
[BlackTeam "Club Atletismo Huesca"]

1. d4 d5 2. Nf3 Nf6 3. Bg5 Ne4 4. Bf4 c5 5. e3 Nc6 6. c4 Bg4 7. Nc3 cxd4 8.
exd4 e6 9. Be2 Bb4 10. Bd2 Nxd2 11. Qxd2 dxc4 12. Rd1 O-O 13. O-O Rc8 14. Qf4
Bxf3 15. Bxf3 Qc7 16. Qxc7 Rxc7 17. Be2 Bxc3 18. bxc3 Ne7 19. Bf3 Rd8 20. Rb1
Nd5 21. Bxd5 Rxd5 22. Rb4 e5 23. Re1 f6 24. dxe5 fxe5 25. Kf1 Kf7 26. Reb1 b6
27. Ke2 Ra5 28. R1b2 Rd5 29. Rd2 Ke6 30. Ke3 Rxd2 31. Kxd2 Kd5 32. a4 Rc5 33.
Ke3 Kc6 34. Ke4 a6 35. Kf5 b5 36. axb5+ axb5 37. Ke6 Rd5 38. Kf7 Rd2 0-1

[Event "Cto Equipos Aragon 2013 Div. Honor I"]
[Site "Aragon"]
[Date "2013.02.09"]
[Round "3.4"]
[White "Galvez Perez, Jose Luis"]
[Black "Gella Lopez, Angel"]
[Result "0-1"]
[WhiteElo "1925"]
[BlackElo "2092"]
[PlyCount "82"]
[EventDate "2013.??.??"]
[EventType "tourn"]
[EventRounds "7"]
[EventCountry "ESP"]
[WhiteTeam "Caissa - Hnos. Cortes"]
[BlackTeam "Club Atletismo Huesca"]

1. b3 e5 2. Bb2 Nc6 3. e3 d6 4. c4 Nf6 5. Nc3 Be7 6. d3 O-O 7. Nf3 d5 8. cxd5
Nxd5 9. a3 Be6 10. Be2 f5 11. O-O Bf6 12. Qc2 Qe7 13. b4 a6 14. Na4 Rad8 15.
Nc5 Bc8 16. Nxa6 e4 17. Bxf6 Rxf6 18. dxe4 fxe4 19. Ng5 bxa6 20. Nxe4 Rh6 21.
Rfd1 Qh4 22. h3 Bxh3 23. gxh3 Qxh3 24. Ng3 Qh2+ 25. Kf1 Qxg3 26. fxg3 Nxe3+ 27.
Kg1 Nxc2 28. Bc4+ Kf8 29. Rf1+ Rf6 30. Rxf6+ gxf6 31. Rf1 Ke7 32. b5 axb5 33.
Bxb5 N6d4 34. Bd3 Nxa3 35. Bxh7 c5 36. Kf2 c4 37. Ra1 Ra8 38. Be4 Ra7 39. Rh1
Kd6 40. Rh5 f5 41. Ke3 Re7 0-1